00255 a2200109 450000100060000008200160000610000370002224500270005926000280008630000140011450000170012892071 b297.352 NAS aNaseem Ahmad Bin Haji Karam deen aBaitullah Kaaba Sharif aLahorebAl Faisalc2013 a256p.bHb aGeneral Book